Inovácie vo vzdelávaní z aspektu potrieb zamestnávateľa

Aktuálne potreby vzdelávania v intenciách potrieb zamestnávateľov, teda pracovného trhu. Vdelávací proces a analýza faktorov ovplyvňujúcich požiadavky zamestnávateľa na vybraných absolventov. Prieskum je zameraný na vzdelávanie manažérov a zamestnancov na strednej, resp. vyššej úrovni riadenia a ide...

Descrizione completa

Salvato in:
Dettagli Bibliografici
Autore principale: Kajanová, Jana
Altri autori: Kajan, Marcel
Natura: Capitolo di libro
Lingua:slovacco
Soggetti:
Tags: Aggiungi Tag
Nessun Tag, puoi essere il primo ad aggiungerne!!

MARC

LEADER 00000naa a2200000 4500
001 0250047
005 20220718112021.2
041 0 |a slo 
044 |a SK 
245 1 0 |a Inovácie vo vzdelávaní z aspektu potrieb zamestnávateľa  |c Jana Kajanová, Marcel Kajan 
520 |a Aktuálne potreby vzdelávania v intenciách potrieb zamestnávateľov, teda pracovného trhu. Vdelávací proces a analýza faktorov ovplyvňujúcich požiadavky zamestnávateľa na vybraných absolventov. Prieskum je zameraný na vzdelávanie manažérov a zamestnancov na strednej, resp. vyššej úrovni riadenia a identifikuje vzdelanie ako možnú konkurenčnú výhodu a mapuje požiadavky na absolventov ekonomických, manažérskych, technicko-ekonomických univerzít a vysokých škôl z aspektu zamestnávateľa. 
610 2 0 |a politika vzdelávania 
610 2 0 |a zamestnávatelia 
610 2 0 |a manažéri 
610 2 0 |a školy vysoké 
610 2 0 |a vzdelávanie 
610 2 0 |a školy stredné 
610 2 0 |a prax odborná 
100 1 |a Kajanová, Jana 
700 1 |a Kajan, Marcel